The butterfly /

Bibliographic Details
Main Author: Rumaker, Michael, 1932-2019 (Author)
Format: Book
Language:English
Published: New York : Charles Scribner's Son [1962]
Subjects:

MARC

Tag First Indicator Second Indicator Subfields
LEADER 00000cam a2200000Ii 4500
001 in00000032470
005 20200725063438.0
008 720128t19621962nyu 000 f eng
010 |a  62009633  
035 |a (OCoLC)ocm00229924 
035 |a (OCoLC)00229924 
035 |9 AAD3017AM 
040 |a DLC  |b eng  |c YNG  |d OCL  |d OCLCQ  |d OCLCG  |d STF  |d UKMGB  |d OSU  |d FYM  |d OCLCF  |d OCLCQ  |d TXA 
016 7 |a 003188454  |2 Uk 
035 |a (OCoLC)229924 
050 4 |a PZ4.R936 
050 4 |a PS3568.U43  |b B87 1962 
082 0 4 |a [Fic]  |b R936b 
049 |a TXAM 
100 1 |a Rumaker, Michael,  |d 1932-2019  |e author. 
245 1 4 |a The butterfly /  |c Michael Rumaker. 
264 1 |a New York :  |b Charles Scribner's Son  |c [1962] 
264 4 |c ©1962 
300 |a 242 pages ;  |c 22 cm 
336 |a text  |b txt  |2 rdacontent 
337 |a unmediated  |b n  |2 rdamedia 
338 |a volume  |b nc  |2 rdacarrier 
500 |a The Cushing Library/Women & Gender Studies copy was acquired as part of The Don Kelly Research Collection of Gay Literature and Culture.  |5 TXA 
500 |a The Cushing Library/Women & Gender Studies copy is signed by the author.  |5 TXA 
655 7 |a Novels.  |2 lcgft 
776 0 8 |i Online version:  |a Rumaker, Michael, 1932-  |t Butterfly.  |d New York, Scribner [1962]  |w (OCoLC)586905347 
994 |a C0  |b TXA 
948 |a updated  |b h  |c 2018/11/9  |d c  |e nbehmer  |f 11:25:31 am 
999 f f |s d583bd1b-5269-37a7-a40a-58ce0f4f7d5c  |i cfc32b0e-3188-3fab-9408-53efca31c3f7  |t 0 
952 f f |p ric  |a Texas A&M University  |b Rellis Campus  |c Joint Library Facility  |s JLF  |d Remote Storage  |t 0  |e PS3568.U43 B87 1962  |h Library of Congress classification  |i unmediated -- volume  |m A14801249361 
998 f f |a PS3568.U43 B87 1962  |t 0  |l Remote Storage